Alphabets, Scripts, or Writing Systems - Statistics

General Stats
  • This quiz has been taken 39,392 times
    37,769 since last reset
  • The average score is 18 of 44
Answer Stats
Picture Answer % Correct
Arabic
91%
Greek
90%
Chosŏn'gŭl / Hangul
89%
Chinese
85%
Cyrillic
85%
Kana
81%
Hebrew
80%
Braille
79%
Devanagari
79%
Sign Language
79%
Morse Code
78%
Latin
72%
Thai
71%
Egyptian Hieroglyphs
64%
Khmer
42%
International Phonetic Alphabet
40%
Runes
37%
Tamil
37%
Georgian
36%
Lao
35%
Mongolian
34%
Eastern Nagari
33%
Ge'ez (Ethiopian)
33%
Armenian
32%
Burmese
29%
Maya
27%
Sumerian Cuneiform
26%
Elvish
25%
Berber
17%
Tibetan
16%
Klingon
15%
Telugu
15%
Phoenician
14%
Gujarati
13%
Cree (Canadian Aboriginal)
12%
Malayalam
12%
Aurebesh (Star Wars)
11%
Cherokee
9%
Thaana (Maldivian)
9%
Javanese
8%
Gothic
6%
Syriac
5%
Voynich
5%
Rongorongo (Easter Island)
4%
No matching quizzes found
Score Distribution
Percent of People with Each Score
Percentile by Number Answered
Your Score History
You have not taken this quiz since the last reset